000 00890nam a22002897a 4500
003 CHAP
005 20220817041841.0
008 971013s1961 r 00010 d
010 _a26487
011 _a27459
035 _a31560
040 _cCHAP
082 _a338.9
_bK35
100 0 0 _aKaldor, Nicholas.
_962615
245 _aEnsayos sobre desarrollo económico
260 _aMéxico, D. F. :
_bCEMLA,
_c1961
300 _a134 p.
_b: ilus.
590 _aBATCH-UPD
_b10
_c20130110
_lUCH01
_h1025
590 _aBATCH-UPD
_b10
_c20130410
_lUCH01
_h0629
590 _aBATCH-UPD
_b10
_c20130914
_lUCH01
_h1149
590 _aCONVERSION
_b10
_c20130109
_lUCH01
_h1315
650 1 4 _aDesarrollo económico.
901 _aBK
942 _cLIBRO
949 _a338.9 K35
_bBC
_cLIBRO
_d33724000263950
_eLIBRO
_fc.2
_h6450
_i31560
_si
949 _a338.9 K35
_bBC
_cLIBRO
_d33724000263968
_eLIBRO
_h6449
_i31560
_si
999 _c26487
_d26487